Crisis paradigmática y dominación en psicología

Uloženo v:
Podrobná bibliografie
Hlavní autor: Brenes Castro, Abelardo
Médium: Text
Vydáno: Heredia: UNA. Departamento de Filosofía
Témata:
Tagy: Přidat tag
Žádné tagy, Buďte první, kdo vytvoří štítek k tomuto záznamu!

MARC

LEADER 00000 a a2200000 04500
001 16553
003
040
090 |a 012200  
100 |a Brenes Castro, Abelardo  
245 |a Crisis paradigmática y dominación en psicología  
260 |a Heredia:   |b UNA. Departamento de Filosofía  
300 |a 11 p.  
650 |a PSICOLOGIA  
999 |c 9423  |d 9423